LEADER 01295nam a2200253 i 4500 001 000000054183 003 CaOOAMICUS 005 20120417000000.0 008 120417s1956 xx u000 u spa u 013 $a25355 040 $aSeMil$bita 100 0 $aFidele : a Pamplona,$c.$0(OLS)http://semarc/name/26921 245 10$aOrigen de la obligatoriedad de la Regla Franciscana /$cPontificia Universitas Gregoriana ; auctore P. Fidele a Pamplona. 260 $aPamplona :$b[s.n.],$c1956. 300 $aVIII, 44 p. ;$c25 cm. 490 0 $aExcerpta ex Dissertatione ad lauream in Facultate iuris canonici Pontificiae Univeritatis Gregorianae 650 4$aFrancescanesimo - Regola.$0(OLS)http://semarc/subject/10002 650 4$aTesi di laurea.$0(OLS)http://semarc/subject/1690 710 2 $aPontificia Università Gregoriana .$0(OLS)http://semarc/name/5 830 0$aExcerpta ex Dissertatione ad lauream in Facultate iuris canonici Pontificiae Univeritatis Gregorianae.$0(OLS)http://semarc/title/32712 850 $aSeMil 852 $aSeMil$W1$xVenegono$y1$m2I I 370$j20337$B20337$CSeMilBibl$Z2$F20339 $81 996 $6245$aOrigen de la obligatoriedad de la Regla Franciscana$9(OLS)http://semarc/title/83800 996 $6260$aPamplona :$b[s.n.]$9(OLS)http://semarc/publisher/41670 LEADER 00946nab a2200157 i 4500 001 000000289249 003 CaOOAMICUS 005 20160715000000.0 008 160715n xx uu u0 0und r 013 $a43849 040 $aSeMil$bita 100 1 $aLiberto, Giuseppe.$0(OLS)http://semarc/name/33469 245 10$aMessa "In simplicitate cordis" :$bper solo, assemblea e coro a 4 voci ineguali e organo. - 20 p. - Num. 5364 delle Ed. Carrara. - Sul verso del front. : La prima esecuzione della Messa ... per la canonizzazione di Papa Roncalli il 26 aprile 2014. 500 $aSettembre-Ottobre 2014. 773 0 $t[2014].$dBergamo : Ed. Carrara, copyr. 2014.$w()230323 996 $6245$aMessa "In simplicitate cordis" :$bper solo, assemblea e coro a 4 voci ineguali e organo. - 20 p. - Num. 5364 delle Ed. Carrara. - Sul verso del front. : La prima esecuzione della Messa ... per la canonizzazione di Papa Roncalli il 26 aprile 2014.$9(OLS)http://semarc/title/368550